| 000 | 00362nam a2200145Ia 4500 | ||
|---|---|---|---|
| 008 | 150201s2003 xx 000 0 und d | ||
| 082 |
_a617.63 _bP2003M |
||
| 100 | _aMURRAY,J.J | ||
| 245 | _aPREVENTION OF ORAL DISEASE | ||
| 250 | _a4TH | ||
| 260 |
_bVARGHESE PUBLICATION _aDADAR (MUMBAI) _c2003 |
||
| 300 | _a1-272 | ||
| 650 | _aORAL MEDICINE | ||
| 942 |
_2ddc _cBK |
||
| 999 |
_c3611 _d3611 |
||